Famous Duos by Picture #3 - Statistics

General Stats
  • This quiz has been taken 1,195 times
  • The average score is 14 of 24
Answer Stats
Picture Hint Answer % Correct
Barbie
99%
Ken
99%
Tarzan
93%
Lady
84%
Jane
82%
Tramp
82%
Hint: Public Enemies Bonnie
63%
Chip
63%
Hint: Public Enemies Clyde
63%
Jack
63%
Jill
63%
Dale
59%
Hint: Expedition Clark
49%
Hobbes
49%
Itchy
48%
Hint: Expedition Lewis
48%
Scratchy
48%
Calvin
47%
Ben
39%
Jerry
39%
Dick Dastardly
24%
Muttley
24%
Thompson
14%
Thomson
11%
No matching quizzes found
Score Distribution
Percent of People with Each Score
Percentile by Number Answered
Your Score History
You have not taken this quiz